000
00322nam a22001457a 4500
008
240205b ||||| |||| 00| 0 eng d
020
_a
9781591844358
041
_a
eng
080
_2
2011
_a
37
082
_a
37DIX
100
_a
23
101
_a
EDUKIM
245
_a
THE CHALLENGER SALE
_c
MATTHEW DIXON
942
_2
udc
_c
BK
999
_c
60582
_d
60582